|
|
|
|
| LEADER |
00000nab a2200000uu 4500 |
| 001 |
vtls011490096 |
| 003 |
SK-MaSNL |
| 005 |
20260303105104.0 |
| 008 |
230121|2008 xo |||||||||||||||||slo| |
| 015 |
|
|
|a SNBRB
|
| 035 |
|
|
|a (urnnbn)urn:nbn:sk:snk:ar-007jpq
|
| 035 |
|
|
|a (uuid)643a404a-d3df-44e8-bf9e-fbf98c28cd61
|
| 035 |
|
|
|a urn:nbn:sk:snk-abdfdq
|
| 040 |
|
|
|a SNKBUCL
|b slo
|c SNKBUCL
|e AACR2
|
| 041 |
0 |
|
|a slo
|
| 044 |
|
|
|a xo
|c SK
|
| 100 |
1 |
|
|a Pavlovič, Milan,
|d 1931-2018
|4 aut
|9 92483
|
| 245 |
1 |
0 |
|a PRELEŽANINY
|c Štefan Hrušovský, Milan Pavlovič, Štefan Krajčík, Miroslav Žigrai, Viera Smetanová
|
| 246 |
3 |
|
|a Decubits ulcers
|
| 700 |
1 |
|
|a Žigrai, Miroslav,
|d 1976-
|4 aut
|9 214744
|
| 700 |
1 |
|
|a Hrušovský, Štefan,
|d 1954-
|4 aut
|9 103536
|
| 700 |
1 |
|
|a Krajčík, Štefan,
|d 1950-
|4 aut
|9 207116
|
| 700 |
1 |
|
|a Smetanová, Viera,
|d 1956-
|4 aut
|9 480551
|
| 773 |
0 |
|
|t Lekársky obzor : odborný časopis Slovenskej zdravotníckej univerzity v Bratislave
|g Roč. 57, č. 6 (2008), s. 261-262
|
| 954 |
|
|
|a odborná, vedecká literatúra pôvodná (slovenská)
|2 lita
|
| 958 |
|
|
|a OND
|
| 958 |
|
|
|a EUIPO
|
| 958 |
|
|
|a article18
|
| 999 |
|
|
|c 1861004
|d 1862934
|